Celebrities by Picture A-Z - Statistics

General Stats
  • This quiz has been taken 53 times
  • The average score is 15 of 25
Answer Stats
Picture Answer % Correct
Brad Pitt
94%
Dwayne Johnson
94%
Ariana Grande
90%
Nelson Mandela
85%
Eminem
83%
Jim Carrey
79%
Selena Gomez
75%
Christiano Ronaldo
73%
LeBron James
73%
Usher
71%
Matt Damon
69%
Hugh Jackman
67%
Robert Downey Jr.
65%
Tom Holland
60%
Zac Efron
58%
Queen Latifah
54%
Olivia Rodrigo
50%
Pedro Pascal
44%
Winona Ryder
42%
Keira Knightley
38%
Florence Pugh
33%
Gigi Hadid
31%
Idina Menzel
31%
Vanessa Hudgens
25%
Yasmine Bleeth
6%
No matching quizzes found
Score Distribution
Percent of People with Each Score
Percentile by Number Answered
Your Score History
You have not taken this quiz